000 00488nam a2200181Ia 4500
008 151202s9999||||xx |||||||||||||| ||und||
082 _bPNVM-63409
100 _aमुजावर बशीर.
245 _aकवच.
260 _bपायल पब्लिकेशन.
260 _c63409
300 _a200
600 _aमुजावर बशीर.
630 _aकवच.
700 _aमुजावर बशीर.
730 _aकवच.
942 _cBOOK
999 _c1329943
_d1329940